Интенсификация процесса обжига доломита с целью получения активного MgO; Перспективы развития фундаментальных наук; Т. 2 : Химия
| Parent link: | Перспективы развития фундаментальных наук=Prospects of Fundamental Sciences Development: сборник научных трудов XVIII Международной конференции студентов, аспирантов и молодых ученых, г. Томск, 27-30 апреля 2021 г./ Национальный исследовательский Томский политехнический университет (ТПУ) ; под ред. И. А. Курзиной, Г. А. Вороновой.— , 2021 Т. 2 : Химия.— 2021.— [С. 259-261] |
|---|---|
| Autor Principal: | |
| Autor Corporativo: | |
| Outros autores: | |
| Summary: | Заглавие с экрана Active MgO is widely used in various industries, including as an anti-caking material in the technology of mineral fertilizers. The work is devoted to the study of the method of obtaining active magnesium oxide from dolomite rock by separating the temperature range of the processes of decarbonization of magnesium and calcium carbonates. The purpose of the work is to study the effect of the additive of dolomite roasting intensifier in the preparation of active magnesium oxide. Trilon B was used as such an additive. Thermal studies of dolomite and Trilon B mixtures were carried out and the phase composition of the material after calcination at 650 ° C was determined, which showed the effectiveness of the additive and the presence of magnesium oxide while preserving calcite. |
| Idioma: | ruso |
| Publicado: |
2021
|
| Subjects: | |
| Acceso en liña: | http://earchive.tpu.ru/handle/11683/68317 |
| Formato: | MixedMaterials Electrónico Capítulo de libro |
| KOHA link: | https://koha.lib.tpu.ru/cgi-bin/koha/opac-detail.pl?biblionumber=633361 |
MARC
| LEADER | 00000naa2a2200000 4500 | ||
|---|---|---|---|
| 001 | 633361 | ||
| 005 | 20231101133746.0 | ||
| 035 | |a (RuTPU)RU\TPU\conf\35109 | ||
| 035 | |a RU\TPU\conf\35105 | ||
| 090 | |a 633361 | ||
| 100 | |a 20210813d2021 k y0rusy50 ca | ||
| 101 | 0 | |a rus |d eng | |
| 102 | |a RU | ||
| 105 | |a y z 100zy | ||
| 135 | |a drgn ---uucaa | ||
| 181 | 0 | |a i | |
| 182 | 0 | |a b | |
| 200 | 1 | |a Интенсификация процесса обжига доломита с целью получения активного MgO |d Intensification of the dolomite burning process |f О. Х. Хабибуллаев |g науч. рук. Н. А. Митина | |
| 203 | |a Текст |c электронный | ||
| 230 | |a 1 компьютерный файл (pdf; 491 Kb) | ||
| 300 | |a Заглавие с экрана | ||
| 320 | |a [Библиогр.: с. 261 (4 назв.)] | ||
| 330 | |a Active MgO is widely used in various industries, including as an anti-caking material in the technology of mineral fertilizers. The work is devoted to the study of the method of obtaining active magnesium oxide from dolomite rock by separating the temperature range of the processes of decarbonization of magnesium and calcium carbonates. The purpose of the work is to study the effect of the additive of dolomite roasting intensifier in the preparation of active magnesium oxide. Trilon B was used as such an additive. Thermal studies of dolomite and Trilon B mixtures were carried out and the phase composition of the material after calcination at 650 ° C was determined, which showed the effectiveness of the additive and the presence of magnesium oxide while preserving calcite. | ||
| 461 | 1 | |0 (RuTPU)RU\TPU\conf\35054 |t Перспективы развития фундаментальных наук |l Prospects of Fundamental Sciences Development |o сборник научных трудов XVIII Международной конференции студентов, аспирантов и молодых ученых, г. Томск, 27-30 апреля 2021 г. |o в 7 т. |f Национальный исследовательский Томский политехнический университет (ТПУ) ; под ред. И. А. Курзиной, Г. А. Вороновой |d 2021 | |
| 463 | 1 | |0 (RuTPU)RU\TPU\conf\35056 |t Т. 2 : Химия |v [С. 259-261] |d 2021 | |
| 510 | 1 | |a Intensification of the dolomite burning process |z eng | |
| 610 | 1 | |a электронный ресурс | |
| 610 | 1 | |a труды учёных ТПУ | |
| 610 | 1 | |a интенсификация | |
| 610 | 1 | |a обжиг | |
| 610 | 1 | |a доломиты | |
| 610 | 1 | |a карбонатные породы | |
| 610 | 1 | |a добавки | |
| 610 | 1 | |a декарбонизация | |
| 610 | 1 | |a оксид магния | |
| 700 | 1 | |a Хабибуллаев |b О. Х. | |
| 702 | 1 | |a Митина |b Н. А. |c химик-технолог |c доцент Томского политехнического университета, кандидат технических наук |f 1974- |g Наталия Александровна |2 stltpush |4 727 | |
| 712 | 0 | 2 | |a Национальный исследовательский Томский политехнический университет |b Инженерная школа новых производственных технологий |b Научно-образовательный центр Н. М. Кижнера |h 7872 |2 stltpush |3 (RuTPU)RU\TPU\col\23556 |
| 801 | 2 | |a RU |b 63413507 |c 20210902 |g RCR | |
| 856 | 4 | |u http://earchive.tpu.ru/handle/11683/68317 | |
| 942 | |c BK | ||